Obálka Náhled e-knihy:
PDF Epub
Pro půjčování e-knih musíte být přihlášeni.
Jak si půjčit online?

Jatka /

Napínavý kriminální román o vyšetřování řady brutálních vražd v jednom americkém městečku.

Uloženo v:
Série:Jack Reacher, část 1
Hlavní autor: Child, Lee, 1954- (Autor)
Další autoři: Sedláček, Jiří (Autor)
Médium: E-kniha
Jazyk:Czech
Vydáno: Praha : BB/art, 2022
Vydání:Čtvrté vydání v českém jazyce
Témata:
Příbuzné jednotky:Z cyklu:: Jack Reacher
Tagy:
Žádné tagy
LEADER 02588nam a2200445 i 4500
001 311666
003 CZ PrSKC
005 20260601215709.0
007 ta
008 220921s2022 xr g 000 f cze
015 |a cnb003443025 
020 |a 9788075955890  |q (vázáno) 
035 |a (OCoLC)1350560730 
040 |a ABG001  |b cze  |e rda 
041 1 |a cze  |h eng 
072 7 |a 821.111-3  |x Anglická próza, anglicky psaná  |2 Konspekt 
080 |a 821.111-31  |2 MRF 
080 |a (0:82-312.4)  |2 MRF 
100 1 |a Child, Lee,  |d 1954-  |7 jn20000810190  |4 aut 
240 1 0 |a Killing floor.  |l Česky 
245 1 0 |a Jatka /  |c Lee Child ; přeložil Jiří Sedláček 
250 |a Čtvrté vydání v českém jazyce 
264 1 |a Praha :  |b BB/art,  |c 2022 
300 |a 343 stran ;  |c 24 cm 
336 |a text  |b txt  |2 rdacontent 
337 |a bez média  |b n  |2 rdamedia 
338 |a svazek  |b nc  |2 rdacarrier 
500 |a Přeloženo z angličtiny 
520 2 |a Napínavý kriminální román o vyšetřování řady brutálních vražd v jednom americkém městečku.  |b Bývalý vojenský policista Jack, který je ústředním hrdinou knihy, pátrá po stopách již dlouho zemřelého hudebníka. Ty ho dovedou až do vzorného městečka Margrave ve státě Georgia, kde je Jack hned zatčen a obviněn z vraždy, protože byl v té době jediným cizincem ve městě. Tato vražda byla první, k níž zde za posledních 30 let došlo. Jackova nevina naštěstí brzy vyjde najevo a je propuštěn. Ale objeví se několik okolností, které nasvědčují, že se jedná o velké zločinné spiknutí, navíc začne přibývat i zavražděných. Vše se zkomplikuje také tím, že jako první oběť je identifikován Jackův bratr, proto se Jack aktivně zapojí do vyšetřování tohoto spletitého případu. 
655 7 |a anglické romány  |7 fd131814  |2 czenas 
655 7 |a thrillery (romány)  |7 fd184206  |2 czenas 
655 9 |a English fiction  |2 eczenas 
655 9 |a thrillers (novels)  |2 eczenas 
700 1 |a Sedláček, Jiří  |7 jx20031130110  |4 trl 
787 0 8 |i Z cyklu:  |t Jack Reacher  |g 1 
900 |a ABA001  |b 20 
044 |a xr 
910 |a RBIT002 
998 |d 360194  |a https://core.palmknihy.cz/api/books/360194/cover?riasth  |b https://core.palmknihy.cz/api/books/360194/cover/400?riasth  |c https://core.palmknihy.cz/api/books/360194/cover/50?riasth  |e 2028-04-29  |g 344  |i 9788075955890  |j https://core.palmknihy.cz/api/books/360194/preview.epub  |k https://core.palmknihy.cz/api/books/360194/preview.pdf  |l   |q 49  |r 1  |s https://www.palmknihy.cz/kniha/360194  |t ebook  |y 2022  |z 0  |v Jack Reacher  |w 1 
999 |d 311664